000
00272nam a2200109Ia 4500
008
190216s9999||||xx |||||||||||||| ||und||
100
_a
Samuel&Amp;David
245
0
_a
Elements Of Physical Chemistry
260
_b
Mac Millian And Com. Ltd
650
_a
Chemistry
942
_c
BK
999
_c
1943
_d
1943